000
00336nam a22001577a 4500
003
SGT
020
_a
978-/1-239-2931-6
082
_a
519.5
_b
B16K
100
_a
KULKARNI, AP
245
_a
BASICS OF BIOSTATISTICS
250
_a
1ST
260
_a
INDIA
_b
CBS
_c
2016
300
_a
120
650
_a
BIOSTATISTICS
942
_2
ddc
_c
BK
_0
43
999
_c
15843
_d
15843